1581 1010 1795 1343 1346 1300 1239 1399 1867 1382 1568 1215 1371 1855 1438 1863 1376 1585 1101 1268 1703 1307 1346 1223 1210 1175 1262 1083 1455 1339 1353 1912 1074 1902 1425 1623 1739 1070 1637 1297 1900 1625 1862 1795 1647 1209 1336 1731 1618 1587 1802 1170 1138 1625 1534 1622 1393 1595 1955 1572 1524 1603 1903 1270 1966 1563 1066 1308 1975 1981 1855 1942 1849 1503 1926 1405 1858 1308 1341 1280 1436 1074 1577 1707 1315 1059 1289 1417 1536 1941 1997 1911 1353 1614 1798 1000 1737 1736 1457 BCNSPRNW ULIB Ver.6.0+V

เปลี่ยนเป็นภาษาไทย

Change to English
 แสดงรายละเอียดบรรณานุกรม
  กลับหน้าหลัก

Brief Record : Get Marc (ISO 2709) : E-mail record : QR code < ปิดหน้าต่าง
LEADER : 00000nam 2200000uu 4500
001    13399123604
003     ULIB
008    141017s2556||||th 000 0 tha d
020    ^a9786167221946
060 04 ^aWM34^bด842ค
100 0  ^aเดชา สุทธิกานต์
245 10 ^aคู่มือจิตเวชประจำบ้าน พุทธธรรมประยุกต์ /^cเดชา สุทธิกานต์
246 14 ^aคู่มือจิตเวชประจำบ้าน
250    ^aพิมพ์ครั้งที่ 1
260    ^aเชียงใหม่ :^bสุทธิกานต์ มิวสิค,^c2556
300    ^a160 หน้า :^bภาพประกอบ ;^c21 ซม.
650  4 ^aจิตเวชศาสตร์^vคู่มือ
650  4 ^aสุขภาพจิต^vคู่มือ
650  4 ^aพุทธศาสนากับจิตวิทยา^vคู่มือ
945    ^p150^l0^i21497
945    ^p150^l0^i21498
945    ^p150^l0^i21499
945    ^p150^l0^i21500
945    ^p150^l0^i21501
999    ^aทศพร เกษรทอง
รายการนี้ยังไม่มีแท็ก
คุณยังไม่ได้ล็อกอิน คุณสามารถมีกิจกรรมร่วมกับเว็บไซต์ได้ แต่ต้องล็อกอินก่อน ::
  ล็อกอิน

รายการสื่อสารสนเทศ

ลำดับที่ ประเภท เลขเรียก/บาร์โค้ด สถานที่ สถานะ
1. วิทยาศาสตร์การแพทย์ และสุขภาพ
วิทยาศาสตร์การแพทย์ และสุขภาพ
สถานะ=หนังสือเก่า
WM34 ด842ค ฉ.1 
  Barcode: 21497
ห้องสมุดวิทยาเขตนครสวรรค์
►ส่วนจัดเก็บหนังสือเก่า นว.
บนชั้น
  ขอยืม
2. วิทยาศาสตร์การแพทย์ และสุขภาพ
วิทยาศาสตร์การแพทย์ และสุขภาพ
สถานะ=หนังสือเก่า
WM34 ด842ค ฉ.2 
  Barcode: 21498
ห้องสมุดวิทยาเขตนครสวรรค์
►ส่วนจัดเก็บหนังสือเก่า นว.
บนชั้น
  ขอยืม
3. วิทยาศาสตร์การแพทย์ และสุขภาพ
วิทยาศาสตร์การแพทย์ และสุขภาพ
สถานะ=หนังสือเก่า
WM34 ด842ค ฉ.3 
  Barcode: 21499
ห้องสมุดวิทยาเขตนครสวรรค์
►ส่วนจัดเก็บหนังสือเก่า นว.
บนชั้น
  ขอยืม
4. วิทยาศาสตร์การแพทย์ และสุขภาพ
วิทยาศาสตร์การแพทย์ และสุขภาพ
สถานะ=หนังสือเก่า
WM34 ด842ค ฉ.4 
  Barcode: 21500
ห้องสมุดวิทยาเขตนครสวรรค์
►ส่วนจัดเก็บหนังสือเก่า นว.
บนชั้น
  ขอยืม
5. วิทยาศาสตร์การแพทย์ และสุขภาพ
วิทยาศาสตร์การแพทย์ และสุขภาพ
สถานะ=หนังสือเก่า
WM34 ด842ค ฉ.5 
  Barcode: 21501
ห้องสมุดวิทยาเขตนครสวรรค์
►ส่วนจัดเก็บหนังสือเก่า นว.
บนชั้น
  ขอยืม

รายการใกล้เคียง
    ผู้แต่ง [เดชา สุทธิกานต์]

BibComment


ยังไม่เคยถูกคอมเมนท์

คอมเมนท์ทรัพยากรรายการนี้
  คอมเมนท์: คู่มือจิตเวชประจ..


 Copyright 2026. Bcnsprnw @Library